[Event "Rochefort 2017 - Accession - 18/02/17 - "]
[Site "Palais des congrès"]
[Date "2017.02.18"]
[Round "1.1"]
[White "Baron, Daniel"]
[Black "Demuth, Gilles"]
[Result "1-0"]
[WhiteElo "1975"]
[BlackElo "1558"]
[PlyCount "39"]
[EventDate "2017.??.??"]

1. Nf3 d5 2. g3 Bf5 3. c4 e6 4. Qb3 b6 5. Bg2 Nf6 6. O-O Nbd7 7. d4 c6 8. Nc3
Bd6 9. Nh4 Bg6 10. Bg5 Qc7 11. Rac1 h6 12. Nxg6 fxg6 13. Bxf6 Nxf6 14. cxd5
exd5 15. Nxd5 Nxd5 16. Bxd5 Rb8 17. Rxc6 Qd7 18. Rfc1 Kd8 19. Be6 Qe7 20. Rc8+
1-0

[Event "Rochefort 2017 - Accession - 18/02/17 - "]
[Site "Palais des congrès"]
[Date "2017.02.18"]
[Round "1.2"]
[White "Philippeau, Sylvain"]
[Black "Pytel, Bozena"]
[Result "0-1"]
[WhiteElo "1556"]
[BlackElo "1949"]
[PlyCount "134"]
[EventDate "2017.??.??"]

1. c4 Nf6 2. d4 e6 3. Nf3 d5 4. Nc3 c6 5. e3 Nbd7 6. a3 Be7 7. Bd3 O-O 8. O-O
Qc7 9. b3 b6 10. Bb2 Bb7 11. Rc1 Rac8 12. g3 Qb8 13. Re1 Rfd8 14. cxd5 exd5 15.
Qe2 c5 16. e4 dxe4 17. Nxe4 Nxe4 18. Bxe4 Bxe4 19. Qxe4 Bf6 20. Qe2 Qb7 21. Qe4
Qb8 22. Qe2 Re8 23. Qd3 Qb7 24. Rxe8+ Rxe8 25. Re1 Rxe1+ 26. Nxe1 h6 27. Qf3
Qc7 28. Qe4 Qd8 29. Nf3 a5 30. Bc1 cxd4 31. Qd5 Qc8 32. Bb2 Nc5 33. Bxd4 Be7
34. Qc4 Qf5 35. Kg2 g5 36. Be3 h5 37. h3 g4 38. hxg4 hxg4 39. Nd2 Kg7 40. Qf4
Qd5+ 41. Kh2 Qh5+ 42. Kg2 Ne6 43. Qc4 Bxa3 44. Bxb6 Bb4 45. Bd4+ Kg6 46. Qd3+
Qf5 47. Qxf5+ Kxf5 48. Be3 Nd8 49. Nc4 Nc6 50. Bb6 Ke4 51. Kf1 Kd3 52. Ne3 Kc3
53. Bxa5 Bxa5 54. Nxg4 Kxb3 55. Ke2 Kc4 56. Ke3 Kd5 57. Kf4 Ke6 58. Ne3 Bd2 59.
Kf3 Bxe3 60. Kxe3 Kf5 61. Kf3 Ne5+ 62. Kg2 Kg4 63. Kf1 Kf3 64. Kg1 Ng4 65. Kh1
Nxf2+ 66. Kg1 Kxg3 67. Kf1 Nh3 0-1

[Event "Rochefort 2017 - Accession - 18/02/17 - "]
[Site "Palais des congrès"]
[Date "2017.02.18"]
[Round "1.3"]
[White "Boursier, Xavier"]
[Black "Dubertrand, Bernard"]
[Result "1/2-1/2"]
[WhiteElo "1949"]
[BlackElo "1555"]
[PlyCount "66"]
[EventDate "2017.??.??"]

1. e4 e5 2. f4 exf4 3. Nf3 g5 4. Bc4 Nc6 5. O-O d6 6. d4 Bg4 7. c3 Qf6 8. b4
Bh6 9. Bb2 Nge7 10. Nbd2 Ng6 11. Qa4 O-O 12. Ne1 Rfd8 13. h3 Bd7 14. Qc2 g4 15.
hxg4 Bxg4 16. Ndf3 Nce7 17. Qf2 c6 18. Nh2 Be6 19. Bd3 Qh4 20. Qc2 Qf6 21. Nef3
Qg7 22. c4 d5 23. exd5 cxd5 24. c5 Rac8 25. Qa4 a6 26. Qc2 Nc6 27. a3 Nge7 28.
Rae1 Qg3 29. Bxh7+ Kg7 30. Rf2 Rh8 31. Bd3 Rcg8 32. Nf1 Qg4 33. N1h2 Qg3
1/2-1/2

[Event "Rochefort 2017 - Accession - 18/02/17 - "]
[Site "Palais des congrès"]
[Date "2017.02.18"]
[Round "1.4"]
[White "Equey, Daniel"]
[Black "Delabbey, Florian"]
[Result "0-1"]
[WhiteElo "1553"]
[BlackElo "1922"]
[PlyCount "50"]
[EventDate "2017.??.??"]

1. d4 d5 2. c4 dxc4 3. e4 e5 4. d5 Nf6 5. Nc3 c6 6. Bxc4 b5 7. Bd3 b4 8. Nce2
cxd5 9. exd5 Bb7 10. Bb5+ Nbd7 11. Bg5 Bc5 12. Nf3 Bxf2+ 13. Kf1 Qb6 14. Qa4
O-O-O 15. Rc1+ Bc5 16. Qxb4 Kb8 17. Qa4 h6 18. Bxf6 Nxf6 19. Nxe5 Nxd5 20. Bc6
Ne3+ 21. Ke1 Nxg2+ 22. Bxg2 Bxg2 23. Rxc5 Qxc5 24. Qf4 Qd6 25. Rg1 Rhe8 0-1

[Event "Rochefort 2017 - Accession - 18/02/17 - "]
[Site "Palais des congrès"]
[Date "2017.02.18"]
[Round "1.5"]
[White "Lucbernet, Thomas"]
[Black "Derrien, Fabrice"]
[Result "1-0"]
[WhiteElo "1916"]
[BlackElo "1551"]
[PlyCount "91"]
[EventDate "2017.??.??"]

1. e4 e6 2. d4 d5 3. Nd2 dxe4 4. Nxe4 Nd7 5. Nf3 Ngf6 6. Nxf6+ Nxf6 7. Bd3 Be7
8. O-O c6 9. Re1 Qc7 10. Ne5 b6 11. Bf4 Bd6 12. c4 O-O 13. Bg3 Bb7 14. c5 bxc5
15. dxc5 Bxe5 16. Bxe5 Qd8 17. Bd6 Re8 18. Qb3 Qd7 19. Re5 Nd5 20. Rh5 g6 21.
Re5 Red8 22. Rae1 a5 23. Bb1 Ba6 24. Qg3 Ra7 25. h4 Re8 26. h5 f6 27. hxg6 Bc8
28. gxh7+ Kh8 29. Rg5 Qf7 30. Bg6 Qg7 31. Rxd5 cxd5 32. Bxe8 Qxh7 33. Qh3 Rg7
34. Qxh7+ Rxh7 35. c6 Rg7 36. Bd7 Bxd7 37. cxd7 Rxd7 38. Rxe6 Kg7 39. Re7+ Rxe7
40. Bxe7 Kf7 41. Bc5 Ke6 42. Kf1 Kf5 43. Ke2 Ke4 44. f3+ Ke5 45. Kd3 f5 46. g3
1-0

[Event "Rochefort 2017 - Accession - 18/02/17 - "]
[Site "Palais des congrès"]
[Date "2017.02.18"]
[Round "1.6"]
[White "Fernandez, Jose"]
[Black "Neau, Julien"]
[Result "0-1"]
[WhiteElo "1549"]
[BlackElo "1913"]
[PlyCount "66"]
[EventDate "2017.??.??"]

1. e4 g6 2. d4 d6 3. Be3 Nf6 4. Bd3 c6 5. Ne2 Nbd7 6. O-O Bg7 7. h3 O-O 8. Nd2
a6 9. f4 b5 10. Nf3 Bb7 11. Ng3 c5 12. c3 e6 13. Qd2 cxd4 14. cxd4 Nb6 15. f5
d5 16. e5 Ne4 17. Bxe4 dxe4 18. f6 Bxf6 19. exf6 exf3 20. Bh6 fxg2 21. Rf2 Qd6
22. Bg7 Nd5 23. Ne4 Qb4 24. Qh6 Rae8 25. Bxf8 Qxf8 26. Qh4 Ne3 27. Ng5 h6 28.
Nf3 Nf5 29. Qg4 Qd6 30. Ne5 Qxd4 31. Qxd4 Nxd4 32. Nxg6 Nf3+ 33. Kxg2 Ne5+ 0-1

[Event "Rochefort 2017 - Accession - 18/02/17 - "]
[Site "Palais des congrès"]
[Date "2017.02.18"]
[Round "1.7"]
[White "Bleau, Adrien"]
[Black "Charruyer, Baptiste"]
[Result "1-0"]
[WhiteElo "1883"]
[BlackElo "1548"]
[PlyCount "68"]
[EventDate "2017.??.??"]

1. e4 d5 2. exd5 Nf6 3. Nf3 Nxd5 4. d4 g6 5. c4 Nb6 6. c5 Nd5 7. Bc4 c6 8. Qb3
Bg7 9. Nc3 e6 10. O-O O-O 11. Ne4 b5 12. Be2 Nd7 13. Bg5 Qc7 14. Rac1 e5 15.
Nd6 exd4 16. Nxb5 Qb6 17. Nbxd4 Qxb3 18. axb3 Bb7 19. Bc4 Ne5 20. Bxd5 cxd5 21.
c6 Ba6 22. Rfd1 Rac8 23. Nxe5 Bxe5 24. Nf3 Be2 25. Rxd5 Bxf3 26. gxf3 Bxb2 27.
Rc2 Bg7 28. Rd7 f6 29. Be3 a6 30. Ra7 Ra8 31. c7 Rxa7 32. Bxa7 Rc8 33. Bb6 Bf8
34. Rd2 Be7 1-0

[Event "Rochefort 2017 - Accession - 18/02/17 - "]
[Site "Palais des congrès"]
[Date "2017.02.18"]
[Round "1.8"]
[White "Delias, Gerard"]
[Black "Augereau, Cyrille"]
[Result "1/2-1/2"]
[WhiteElo "1546"]
[BlackElo "1882"]
[PlyCount "100"]
[EventDate "2017.??.??"]

1. c4 Nc6 2. d4 e5 3. dxe5 Nxe5 4. e3 Bb4+ 5. Bd2 a5 6. a3 Bxd2+ 7. Qxd2 Nf6 8.
Nc3 b6 9. Be2 Bb7 10. Nf3 Qe7 11. Nd5 Nxd5 12. cxd5 O-O 13. Nxe5 Qxe5 14. Bf3
Ba6 15. Rd1 Rac8 16. Be2 Bb7 17. Bf3 c5 18. dxc6 Bxc6 19. Bxc6 dxc6 20. O-O Qf6
21. Qc3 Qxc3 22. bxc3 Rfd8 23. f3 b5 24. Kf2 c5 25. Ke2 b4 26. cxb4 cxb4 27.
axb4 Rc2+ 28. Ke1 Rxd1+ 29. Kxd1 Rxg2 30. bxa5 Rxh2 31. Kc1 Ra2 32. Rd1 g6 33.
Rd5 h5 34. Kb1 Ra3 35. Kb2 Rxe3 36. a6 Re7 37. Kc3 Kg7 38. Kd4 Rc7 39. Rc5 Ra7
40. Ra5 Kh6 41. Kc5 h4 42. Kb6 Ra8 43. Kb7 Re8 44. a7 g5 45. a8=Q Rxa8 46. Kxa8
Kh5 47. Ra7 f5 48. Rh7+ Kg6 49. Rh8 Kf6 50. Rh5 Kg6 1/2-1/2

[Event "Rochefort 2017 - Accession - 18/02/17 - "]
[Site "Palais des congrès"]
[Date "2017.02.18"]
[Round "1.9"]
[White "Arnoux, Gilbert"]
[Black "Pizzala, Adrien"]
[Result "1-0"]
[WhiteElo "1878"]
[BlackElo "1545"]
[PlyCount "87"]
[EventDate "2017.??.??"]

1. d4 d5 2. Nf3 Bf5 3. c4 c6 4. Nc3 Nf6 5. Bf4 e6 6. e3 Be7 7. Qb3 Qb6 8. c5
Qxb3 9. axb3 Nbd7 10. b4 Nh5 11. Bg3 Nxg3 12. hxg3 h6 13. b5 O-O 14. bxc6 bxc6
15. b4 Bf6 16. Kd2 Rfb8 17. b5 cxb5 18. Bxb5 Nxc5 19. Ra2 a5 20. Ba4 Nxa4 21.
Nxa4 Be7 22. Nc5 Rb5 23. Rc1 Rc8 24. Nd3 Rxc1 25. Nxc1 Rb8 26. Nd3 Bxd3 27.
Kxd3 Bb4 28. Ne5 Rc8 29. Rc2 Rxc2 30. Kxc2 Be1 31. Nd3 Bb4 32. Nxb4 axb4 33.
Kb3 Kf8 34. Kxb4 Ke7 35. Kc5 h5 36. f3 f5 37. Kc6 g5 38. f4 g4 39. Kc7 Kf6 40.
Kd6 Kf7 41. Kd7 Kf6 42. Ke8 h4 43. gxh4 Kg6 44. g3 1-0

[Event "Rochefort 2017 - Accession - 18/02/17 - "]
[Site "Palais des congrès"]
[Date "2017.02.18"]
[Round "1.10"]
[White "Serviere, Didier"]
[Black "Favre, Bruno"]
[Result "0-1"]
[WhiteElo "1542"]
[BlackElo "1877"]
[PlyCount "77"]
[EventDate "2017.??.??"]

1. e4 c6 2. Nc3 d5 3. exd5 cxd5 4. d4 Nc6 5. Bb5 a6 6. Bxc6+ bxc6 7. Nf3 Bg4 8.
Qd3 Bxf3 9. Qxf3 Qb6 10. Qd3 e6 11. a3 Nf6 12. O-O Bd6 13. h3 O-O 14. b4 a5 15.
bxa5 Rxa5 16. a4 Qa7 17. Bd2 Rb8 18. Rab1 Ra6 19. Rb3 Rab6 20. Rfb1 Nd7 21. a5
Rxb3 22. cxb3 Qxa5 23. Ne2 Qb5 24. Qf3 c5 25. Bf4 Bxf4 26. Qxf4 Qxe2 27. Qc7
Qb5 28. dxc5 Nxc5 29. Rc1 Nd7 30. Ra1 Qb7 31. Qc3 Qxb3 32. Qd4 Qb6 33. Qa4 Nf8
34. Qf4 Rc8 35. Qg3 Qb8 36. Qe3 Ng6 37. Ra7 Rc1+ 38. Qxc1 Qxa7 39. Qe3 0-1

[Event "Rochefort 2017 - Accession - 18/02/17 - "]
[Site "Palais des congrès"]
[Date "2017.02.18"]
[Round "1.23"]
[White "Boudart, Alain"]
[Black "Dumoulin, Philippe"]
[Result "1-0"]
[WhiteElo "1783"]
[BlackElo "1480"]
[PlyCount "61"]
[EventDate "2017.??.??"]

1. e4 e6 2. d4 d5 3. Nc3 Bb4 4. exd5 exd5 5. Bd3 Bxc3+ 6. bxc3 Nf6 7. Ba3 b6 8.
Nf3 Be6 9. O-O Nbd7 10. Bb5 a6 11. Bc6 Rb8 12. Re1 Ne4 13. Qd3 b5 14. Ne5 Rb6
15. f3 Nd6 16. Bxd7+ Ke7 17. Nc6+ Rxc6 18. Bxc6 Kf8 19. Re5 Kg8 20. Bxd5 Bxd5
21. Rxd5 g6 22. Bxd6 cxd6 23. c4 Qb6 24. cxb5 axb5 25. Qxb5 Qc7 26. c4 Kg7 27.
Rb1 Qe7 28. Qb3 Re8 29. Qd3 Qh4 30. Rxd6 Qf4 31. c5 1-0

[Event "Rochefort 2017 - Accession - 18/02/17 - "]
[Site "Palais des congrès"]
[Date "2017.02.18"]
[Round "1.28"]
[White "Dalmard, Alban"]
[Black "Lepretre, Jean-Marc"]
[Result "1/2-1/2"]
[WhiteElo "1461"]
[BlackElo "1775"]
[PlyCount "60"]
[EventDate "2017.??.??"]

1. e4 e6 2. d4 d5 3. e5 c5 4. c3 Nc6 5. Nf3 Qb6 6. a3 Bd7 7. b4 cxd4 8. cxd4
Rc8 9. Be2 Nge7 10. O-O Nf5 11. Bb2 Be7 12. Qd3 Na5 13. Nbd2 Nc4 14. Nxc4 dxc4
15. Qc3 Qc6 16. a4 b5 17. axb5 Qxb5 18. Rxa7 Bxb4 19. Qc2 Qb6 20. Raa1 c3 21.
Ra6 Qb7 22. Ba3 Bb5 23. Bxb5+ Qxb5 24. Ra7 Qb6 25. Ra4 Bxa3 26. Rxa3 Qb4 27.
Rb3 Qc4 28. Rc1 Nxd4 29. Nxd4 Qxd4 30. Rxc3 Rxc3 1/2-1/2

[Event "Rochefort 2017 - Accession - 18/02/17 - "]
[Site "Palais des congrès"]
[Date "2017.02.18"]
[Round "2.1"]
[White "Mallet, Gregoire"]
[Black "Baron, Daniel"]
[Result "0-1"]
[WhiteElo "1715"]
[BlackElo "1975"]
[PlyCount "41"]
[EventDate "2017.??.??"]

1. d4 Nf6 2. c4 e6 3. Nc3 Bb4 4. e3 c5 5. Nge2 cxd4 6. exd4 O-O 7. a3 Be7 8. g3
d5 9. cxd5 Nxd5 10. Bg2 Nxc3 11. Nxc3 Bf6 12. Be3 Nc6 13. Ne2 Qd7 14. Qd2 Rd8
15. Rd1 b6 16. O-O Bb7 17. d5 exd5 18. Bxd5 Ne5 19. Bg2 Qf5 20. Nd4 Rxd4 21.
Qxd4 0-1

[Event "Rochefort 2017 - Accession - 18/02/17 - "]
[Site "Palais des congrès"]
[Date "2017.02.18"]
[Round "2.2"]
[White "Pytel, Bozena"]
[Black "Tortorici, Richard"]
[Result "0-1"]
[WhiteElo "1949"]
[BlackElo "1724"]
[PlyCount "75"]
[EventDate "2017.??.??"]

1. Nf3 Nf6 2. d4 g6 3. e3 Bg7 4. Bd3 d6 5. c3 O-O 6. O-O Nc6 7. Nbd2 Nd7 8. e4
e5 9. d5 Ne7 10. Bc2 c6 11. dxc6 bxc6 12. Nc4 Ba6 13. Bd3 Nc5 14. Be2 Bxc4 15.
Bxc4 Nxe4 16. Qe2 Nc5 17. Be3 Nd7 18. Rfd1 Qc7 19. Bg5 Nb6 20. Bb3 h6 21. Be3
Nf5 22. Bc1 Rad8 23. g4 Ne7 24. c4 Nd7 25. Be3 Rfe8 26. Rac1 Nf8 27. Qd2 Kh7
28. Qc2 Ne6 29. h4 Qd7 30. h5 Nd4 31. hxg6+ fxg6 32. Nxd4 Qxg4+ 33. Kf1 exd4
34. Bd2 Nf5 35. Qd3 Rf8 36. Bc2 Rde8 37. f4 Re3 38. Bxe3 0-1

[Event "Rochefort 2017 - Accession - 18/02/17 - "]
[Site "Palais des congrès"]
[Date "2017.02.18"]
[Round "2.3"]
[White "Delabbey, Florian"]
[Black "Boudet, Olivier"]
[Result "1-0"]
[WhiteElo "1922"]
[BlackElo "1703"]
[PlyCount "57"]
[EventDate "2017.??.??"]

1. e4 c6 2. d4 d5 3. Nc3 dxe4 4. Nxe4 Bf5 5. Ng3 Bg6 6. h4 h6 7. Nf3 e6 8. h5
Bh7 9. Bd3 Bxd3 10. Qxd3 Nf6 11. Bf4 Be7 12. Ne4 Nxe4 13. Qxe4 Nd7 14. O-O-O
Nf6 15. Qe2 O-O 16. g4 Nd5 17. Bd2 Bg5 18. Nxg5 hxg5 19. h6 g6 20. Qe5 Qf6 21.
h7+ Kh8 22. Bxg5 Qxe5 23. dxe5 f6 24. Bh6 Rf7 25. c4 Nb6 26. exf6 Rxf6 27. Bd2
Re8 28. Bc3 e5 29. Bxe5 1-0

[Event "Rochefort 2017 - Accession - 18/02/17 - "]
[Site "Palais des congrès"]
[Date "2017.02.18"]
[Round "2.4"]
[White "Ljutovac, Sreten"]
[Black "Lucbernet, Thomas"]
[Result "0-1"]
[WhiteElo "1707"]
[BlackElo "1916"]
[PlyCount "112"]
[EventDate "2017.??.??"]

1. d4 Nf6 2. c4 g6 3. Nc3 Bg7 4. e4 d6 5. Bg5 O-O 6. Qd2 Na6 7. Bd3 c5 8. d5
Re8 9. Nge2 Nc7 10. f3 a6 11. O-O Rb8 12. Rab1 b5 13. b3 Nd7 14. Bh6 Bh8 15. f4
b4 16. Nd1 Nf6 17. f5 Ng4 18. fxg6 hxg6 19. Nf2 Nxh6 20. Qxh6 Bg7 21. Qg5 e6
22. Qg3 exd5 23. exd5 Re5 24. Nh3 Bxh3 25. Qxh3 Qe7 26. Ng3 Ne8 27. Rf3 Nf6 28.
Rbf1 Rf8 29. Rf4 Re3 30. Bc2 Qe5 31. R4f3 Rxf3 32. gxf3 Re8 33. Be4 Qb2 34. Qg2
Qd4+ 35. Qf2 Nxe4 36. fxe4 a5 37. Kg2 Qxf2+ 38. Kxf2 Bd4+ 39. Kf3 a4 40. Ne2
Be5 41. h3 axb3 42. axb3 Ra8 43. Kg4 Ra2 44. Nf4 Kg7 45. Nd3 Rg2+ 46. Kf3 Rg3+
47. Ke2 Bd4 48. Rf3 Rg2+ 49. Kd1 Ra2 50. Kc1 Ra7 51. Rf4 Be3+ 52. Kb2 Bxf4 53.
Nxf4 Kf6 54. h4 Ke5 55. Ne2 Kxe4 56. Ng3+ Kf3 0-1

[Event "Rochefort 2017 - Accession - 18/02/17 - "]
[Site "Palais des congrès"]
[Date "2017.02.18"]
[Round "2.5"]
[White "Neau, Julien"]
[Black "Goguely, Pierre"]
[Result "1-0"]
[WhiteElo "1913"]
[BlackElo "1694"]
[PlyCount "87"]
[EventDate "2017.??.??"]

1. d4 d5 2. c4 e6 3. Nc3 Nf6 4. cxd5 exd5 5. Bg5 c6 6. e3 Bf5 7. Qb3 b6 8. Nf3
Qd6 9. Bxf6 gxf6 10. g3 Be7 11. Nh4 Be6 12. Bd3 Qd7 13. Qc2 a5 14. f4 Qd6 15.
Bxh7 Na6 16. a3 Nc7 17. Bd3 b5 18. O-O O-O-O 19. Nf3 Rdg8 20. Bxb5 Nxb5 21.
Nxb5 Qd7 22. b4 Kb7 23. Nc3 Bf5 24. Qa4 axb4 25. axb4 Ra8 26. Qb3 Bd3 27. Rxa8
Rxa8 28. Rd1 Bc4 29. Qb2 Qg4 30. Kf2 Qh3 31. Ra1 Rb8 32. b5 cxb5 33. Nxd5 Re8
34. Nxe7 Rxe7 35. Rc1 Kc8 36. Qxb5 Qf1+ 37. Rxf1 Bxb5 38. Rb1 Bd3 39. Rb3 Be4
40. Nd2 Bd5 41. Rb5 Bb7 42. Rb6 Rc7 43. Rxf6 Rc2 44. Ke2 1-0

[Event "Rochefort 2017 - Accession - 18/02/17 - "]
[Site "Palais des congrès"]
[Date "2017.02.18"]
[Round "2.6"]
[White "Gobbetto, Jean-Claude"]
[Black "Bleau, Adrien"]
[Result "1-0"]
[WhiteElo "1693"]
[BlackElo "1883"]
[PlyCount "83"]
[EventDate "2017.??.??"]

1. d4 Nf6 2. Nf3 g6 3. Bf4 Bg7 4. Nbd2 d5 5. h3 O-O 6. e3 c5 7. c3 Nc6 8. Bd3
Nd7 9. O-O e5 10. dxe5 Ndxe5 11. Nxe5 Nxe5 12. Bc2 Be6 13. Nf3 Nxf3+ 14. Qxf3
Qb6 15. Rab1 d4 16. b4 dxc3 17. bxc5 Qxc5 18. Qxb7 Bxa2 19. Rbd1 Qb6 20. Rd7
Be6 21. Rb1 Qxb7 22. Rdxb7 a5 23. Ra1 Rfd8 24. e4 Rd7 25. Rxd7 Bxd7 26. Be3 Bf8
27. Kf1 a4 28. Bc1 a3 29. Bb3 Bb5+ 30. Ke1 Bb4 31. Ba2 Rc8 32. Rb1 c2+ 33. Rxb4
Rd8 34. Bd2 Bf1 35. g3 Bxh3 36. Rc4 Rb8 37. Rxc2 Bg4 38. Bc1 Ra8 39. Rc3 Rd8
40. f3 Rc8 41. Rxc8+ Bxc8 42. Bxa3 1-0

[Event "Rochefort 2017 - Accession - 18/02/17 - "]
[Site "Palais des congrès"]
[Date "2017.02.18"]
[Round "2.7"]
[White "Beaurain, Louis"]
[Black "Arnoux, Gilbert"]
[Result "1/2-1/2"]
[WhiteElo "1681"]
[BlackElo "1878"]
[PlyCount "47"]
[EventDate "2017.??.??"]

1. d4 d5 2. Bf4 Nf6 3. Nf3 c5 4. e3 Nc6 5. c3 Qb6 6. Qb3 c4 7. Qc2 Bg4 8. Nbd2
e6 9. h3 Bf5 10. Qc1 Qd8 11. Be2 h6 12. O-O b5 13. Ne5 Nxe5 14. Bxe5 a5 15. Bf3
Bd6 16. Bxd6 Qxd6 17. Re1 Qc6 18. Bd1 O-O 19. Bc2 Bxc2 20. Qxc2 Rad8 21. e4
dxe4 22. Nxe4 Nxe4 23. Rxe4 Rd5 24. Qe2 1/2-1/2

[Event "Rochefort 2017 - Accession - 18/02/17 - "]
[Site "Palais des congrès"]
[Date "2017.02.18"]
[Round "2.8"]
[White "Favre, Bruno"]
[Black "Barbotte, Pierre"]
[Result "1-0"]
[WhiteElo "1877"]
[BlackElo "1676"]
[PlyCount "45"]
[EventDate "2017.??.??"]

1. Nf3 f5 2. g3 Nf6 3. Bg2 e6 4. O-O d5 5. d4 Bd6 6. b3 O-O 7. Bb2 Nbd7 8. Nbd2
Qe8 9. Ne5 Qh5 10. e3 Qh6 11. c4 c6 12. Nxd7 Bxd7 13. a4 Be8 14. Ba3 Ng4 15.
Nf3 Bxa3 16. Rxa3 Bh5 17. Qd2 Nf6 18. Ne5 Rfd8 19. c5 Nd7 20. Nd3 Bg4 21. Re1
Qh5 22. b4 Bf3 23. Nf4 1-0

[Event "Rochefort 2017 - Accession - 18/02/17 - "]
[Site "Palais des congrès"]
[Date "2017.02.18"]
[Round "2.9"]
[White "Amram, Roger"]
[Black "Banana, Adnane"]
[Result "0-1"]
[WhiteElo "1668"]
[BlackElo "1861"]
[PlyCount "112"]
[EventDate "2017.??.??"]

1. e4 c5 2. Nf3 d6 3. c3 Nf6 4. d3 Nc6 5. h3 e6 6. Bg5 Be7 7. Nbd2 h6 8. Bh4
O-O 9. Be2 b6 10. O-O Bb7 11. Qc2 Rc8 12. Rac1 Nh5 13. Bxe7 Qxe7 14. Rfe1 Nf4
15. Bf1 Rfd8 16. g3 Ng6 17. Bg2 Ba6 18. Nc4 b5 19. Ne3 b4 20. c4 Nge5 21. Nxe5
dxe5 22. Qe2 Nd4 23. Qf1 Bb7 24. f4 exf4 25. Qxf4 Qg5 26. h4 Qh5 27. Qg4 Qxg4
28. Nxg4 Nc6 29. Nf2 Ne5 30. Re3 Rd6 31. Bf1 Rcd8 32. Be2 Bc6 33. g4 Ng6 34. h5
Nf4 35. Bf1 e5 36. Kh2 a5 37. b3 a4 38. Ra1 Ra8 39. Ree1 Bd7 40. Kg3 Rda6 41.
Rab1 Ne6 42. Rb2 Nd4 43. Reb1 g6 44. Nd1 gxh5 45. Rh2 Bxg4 46. Ne3 Rg6 47. Nxg4
Rxg4+ 48. Kh3 Ne6 49. Rf2 Nf4+ 50. Kh2 Ra6 51. Kh1 Rh4+ 52. Rh2 Rxh2+ 53. Kxh2
axb3 54. axb3 h4 55. Rb2 Ra1 56. Bg2 Nxd3 0-1

[Event "Rochefort 2017 - Accession - 18/02/17 - "]
[Site "Palais des congrès"]
[Date "2017.02.18"]
[Round "2.10"]
[White "Marsaud, William"]
[Black "Drochon, Francois"]
[Result "1/2-1/2"]
[WhiteElo "1856"]
[BlackElo "1668"]
[PlyCount "92"]
[EventDate "2017.??.??"]

1. e4 d5 2. exd5 Nf6 3. Nc3 Nxd5 4. Nf3 Bg4 5. Bc4 e6 6. d4 Be7 7. h3 Bh5 8. g4
Bg6 9. Nxd5 exd5 10. Bd3 Nc6 11. Bf4 Bxd3 12. Qxd3 Qd7 13. Ne5 Nxe5 14. dxe5
Bh4 15. O-O-O O-O-O 16. Qd4 b6 17. Rd3 c5 18. Qe3 Rhe8 19. Rhd1 Qc6 20. Qf3 Re6
21. Ra3 Rd7 22. g5 f6 23. exf6 gxf6 24. Qg4 Bxg5 25. Bxg5 fxg5 26. Qxg5 Kb7 27.
Rad3 Red6 28. f4 b5 29. Re3 d4 30. Re7 Rxe7 31. Qxe7+ Rd7 32. Qe5 Qd5 33. Qe8
Qf7 34. Qe4+ Qd5 35. Qe8 Qf7 36. Qe4+ Qd5 37. Qxd5+ Rxd5 38. Rg1 Rf5 39. Rg7+
Kb6 40. Rxh7 Rxf4 41. Rh6+ Kb7 42. Rh7+ Kb6 43. b3 c4 44. bxc4 bxc4 45. Kb2 a6
46. Rh6+ Kb5 1/2-1/2

[Event "Rochefort 2017 - Accession - 18/02/17 - "]
[Site "Palais des congrès"]
[Date "2017.02.18"]
[Round "3.1"]
[White "Baron, Daniel"]
[Black "Mata, Maria"]
[Result "1-0"]
[WhiteElo "1975"]
[BlackElo "1774"]
[PlyCount "133"]
[EventDate "2017.??.??"]

1. Nf3 Nf6 2. b3 g6 3. g3 Bg7 4. Bb2 d6 5. d4 O-O 6. Bg2 Nbd7 7. O-O e5 8. dxe5
Ng4 9. c4 Ngxe5 10. Nc3 a6 11. Qd2 Nxf3+ 12. Bxf3 Ne5 13. Bg2 Nc6 14. Nd5 Bxb2
15. Qxb2 f6 16. Rfd1 Kg7 17. c5 Ne7 18. Nxc7 Qxc7 19. cxd6 Qd7 20. dxe7 Qxe7
21. Rac1 Bf5 22. e3 Rac8 23. h4 Rxc1 24. Rxc1 Rc8 25. Rxc8 Bxc8 26. Qd4 Qc7 27.
Qc4 Qd8 28. Bd5 b6 29. b4 a5 30. a3 Bd7 31. Qd4 axb4 32. axb4 Be8 33. g4 Qc7
34. g5 Qd6 35. Bc4 Qxd4 36. exd4 fxg5 37. hxg5 h5 38. gxh6+ Kxh6 39. Kg2 Kg5
40. Kf3 Kf5 41. Bd3+ Ke6 42. Be4 Kf6 43. Bb7 Bd7 44. Ke4 Ke6 45. Kf4 Kf6 46. d5
Bf5 47. Ke3 Ke5 48. f4+ Kd6 49. Kd4 Bg4 50. Ba6 Bf3 51. Bd3 Bxd5 52. Bxg6 Bb3
53. Bd3 Bd5 54. Bc4 Bc6 55. f5 Ke7 56. Ke5 b5 57. f6+ Kf8 58. Bd5 Be8 59. f7
Bd7 60. Kd6 Bg4 61. Kc5 Be2 62. Bc6 Kxf7 63. Bxb5 Bf3 64. Kd6 Bg2 65. Bc4+ Ke8
66. Kc7 Ke7 67. b5 1-0

[Event "Rochefort 2017 - Accession - 18/02/17 - "]
[Site "Palais des congrès"]
[Date "2017.02.18"]
[Round "3.2"]
[White "Grelier, Gilles"]
[Black "Delabbey, Florian"]
[Result "0-1"]
[WhiteElo "1771"]
[BlackElo "1922"]
[PlyCount "54"]
[EventDate "2017.??.??"]

1. d4 d5 2. c4 dxc4 3. Nf3 Nf6 4. e3 e6 5. Bxc4 c5 6. O-O a6 7. Bb3 Nbd7 8.
Nbd2 b5 9. a4 Bb7 10. Qe2 Qb6 11. axb5 axb5 12. Rxa8+ Bxa8 13. Rd1 Be7 14. dxc5
Nxc5 15. Bc2 O-O 16. Nd4 Rb8 17. e4 Qb7 18. Re1 e5 19. N4b3 Ne6 20. Nf3 Bb4 21.
Bd2 Bxd2 22. Qxd2 Rc8 23. Bb1 Rc4 24. Bd3 Nxe4 25. Qe3 Rb4 26. Nbd2 Nxd2 27.
Qxd2 Rg4 0-1

[Event "Rochefort 2017 - Accession - 18/02/17 - "]
[Site "Palais des congrès"]
[Date "2017.02.18"]
[Round "3.3"]
[White "Lucbernet, Thomas"]
[Black "Coant, Jean-Francois"]
[Result "1-0"]
[WhiteElo "1916"]
[BlackElo "1768"]
[PlyCount "117"]
[EventDate "2017.??.??"]

1. e4 d5 2. exd5 Nf6 3. d4 Nxd5 4. Nf3 Bf5 5. Bc4 e6 6. O-O Be7 7. Re1 O-O 8.
Qe2 Nc6 9. Be3 Nxe3 10. fxe3 Nb4 11. Na3 Bg6 12. Rad1 Nd5 13. Nb1 c6 14. e4 Nf6
15. Nc3 Bb4 16. e5 Nd5 17. Bxd5 cxd5 18. a3 Bxc3 19. bxc3 Rc8 20. Rb1 Rxc3 21.
Rxb7 Rxc2 22. Qe3 Qa5 23. Rc1 h6 24. Rxc2 Bxc2 25. h4 Qa6 26. Rc7 Rc8 27. Rxc8+
Qxc8 28. Kh2 Qc4 29. Nd2 Qd3 30. Qxd3 Bxd3 31. Kg3 Kf8 32. Kf4 Bc2 33. g4 Ke8
34. Nf1 Kd7 35. g5 h5 36. Ke3 Kc6 37. Kd2 Bb3 38. Kc3 Bc4 39. Ne3 Be2 40. Kb4
Kb6 41. Ng2 a5+ 42. Kb3 Bd1+ 43. Kc3 Kb5 44. Ne3 Bf3 45. Kb2 Ka4 46. Nf1 g6 47.
Nd2 Bd1 48. Nb1 Kb5 49. Nc3+ Kc4 50. Nxd1 Kxd4 51. Kb3 Kxe5 52. Ka4 Kd6 53. Kb5
d4 54. Nf2 Kd5 55. Kxa5 e5 56. Kb4 e4 57. a4 e3 58. Nd3 Ke4 59. Kc4 1-0

[Event "Rochefort 2017 - Accession - 18/02/17 - "]
[Site "Palais des congrès"]
[Date "2017.02.18"]
[Round "3.4"]
[White "Ovsepyan, Marat"]
[Black "Neau, Julien"]
[Result "1/2-1/2"]
[WhiteElo "1754"]
[BlackElo "1913"]
[PlyCount "80"]
[EventDate "2017.??.??"]

1. d4 g6 2. Nc3 Nf6 3. Nf3 Bg7 4. Bg5 d6 5. e4 h6 6. Bxf6 Bxf6 7. Qd2 Bg4 8.
Be2 Nc6 9. Nd5 Bg7 10. c3 Bxf3 11. Bxf3 e5 12. dxe5 Nxe5 13. Be2 O-O 14. O-O-O
c6 15. Nb4 Qa5 16. f4 c5 17. Qd5 Nd7 18. Nc2 Nf6 19. Qc4 Rfe8 20. Bd3 a6 21. a4
Rab8 22. e5 d5 23. Qa2 Ng4 24. Qxd5 Nf2 25. Bxg6 Qc7 26. Bxf7+ Qxf7 27. Qxf7+
Kxf7 28. Rd7+ Re7 29. Rxe7+ Kxe7 30. Rf1 Nd3+ 31. Kb1 b5 32. Rf3 c4 33. Nd4 Kd7
34. axb5 axb5 35. Nf5 Bf8 36. Ne3 Bc5 37. Nc2 Ke6 38. b4 cxb3 39. Rxd3 bxc2+
40. Kxc2 Kf5 1/2-1/2

[Event "Rochefort 2017 - Accession - 18/02/17 - "]
[Site "Palais des congrès"]
[Date "2017.02.18"]
[Round "3.5"]
[White "Cazeaux, Didier"]
[Black "Favre, Bruno"]
[Result "1-0"]
[WhiteElo "1751"]
[BlackElo "1877"]
[PlyCount "67"]
[EventDate "2017.??.??"]

1. e4 c6 2. d4 d5 3. e5 Bf5 4. h4 h5 5. c4 e6 6. Nc3 dxc4 7. Bxc4 Nd7 8. Nge2
b5 9. Bb3 Nb6 10. Ng3 Bg6 11. Bg5 Be7 12. Nge4 Bxg5 13. hxg5 Nc8 14. a3 Nge7
15. g4 h4 16. Qd2 Nd5 17. Nc5 a5 18. N3e4 a4 19. Bc2 Bxe4 20. Bxe4 g6 21. f4
Ncb6 22. Nb7 Qc7 23. Nd6+ Ke7 24. f5 gxf5 25. gxf5 exf5 26. Bxf5 Rag8 27. O-O-O
Rh5 28. Rdg1 Nd7 29. Ne4 N7b6 30. Nc5 Nc4 31. Qf2 Rhxg5 32. Rxg5 Rxg5 33. Qxh4
f6 34. Qh7+ 1-0